000
00279nam a22001337a 4500
008
180806b xxu||||| |||| 00| 0 eng d
082
_a
813.52
245
_a
Aventuras
_c
DISC
260
_c
2007
300
_a
1
_f
cd
440
_x
15993349882
760
_b
2 nd
942
_2
ddc
_c
MX
999
_c
46827
_d
46827